इतिहास और पत्रकारिता / (Record no. 120893)

MARC details
000 -LEADER
fixed length control field 01093nam a22002537a 4500
005 - DATE AND TIME OF LATEST TRANSACTION
control field 20170124103204.0
010 ## - LIBRARY OF CONGRESS CONTROL NUMBER
LC control number B-151888
020 ## - INTERNATIONAL STANDARD BOOK NUMBER
Terms of availability 700.00
035 ## - SYSTEM CONTROL NUMBER
System control number B-151888
037 ## - SOURCE OF ACQUISITION
Source of stock number/acquisition Cen Lib/Ret
040 ## - CATALOGING SOURCE
Original cataloging agency DPL
Language of cataloging HN
082 ## - DEWEY DECIMAL CLASSIFICATION NUMBER
Classification number 080
Item number चड्ढा
100 ## - MAIN ENTRY--PERSONAL NAME
Personal name चड्ढा, सविता
9 (RLIN) 93274
245 ## - TITLE STATEMENT
Title इतिहास और पत्रकारिता /
Statement of responsibility, etc सविता चड्ढा
246 ## - VARYING FORM OF TITLE
Title proper/short title Itihas aur patrkarita /
Remainder of title by Savita Chaddha
260 ## - PUBLICATION, DISTRIBUTION, ETC. (IMPRINT)
Place of publication, distribution, etc दिल्ली
Name of publisher, distributor, etc राजसूर्य प्रकाशन
Date of publication, distribution, etc 2001
270 ## - ADDRESS
City दिल्ली
Address डी-2/41 A, गांवडी एक्सटेंशन, भजनपुरा
Postal code 1100053
300 ## - PHYSICAL DESCRIPTION
Extent 456पृ.
Dimensions 21सेमी(सजिल्द )
650 ## - SUBJECT ADDED ENTRY--TOPICAL TERM
Topical term or geographic name as entry element हिंदी पत्रकारिता
General subdivision
Geographic subdivision
9 (RLIN) 86920
650 ## - SUBJECT ADDED ENTRY--TOPICAL TERM
Topical term or geographic name as entry element हिंदी पत्रकारिता -- इतिहास
9 (RLIN) 45095
650 ## - SUBJECT ADDED ENTRY--TOPICAL TERM
Topical term or geographic name as entry element Hindi journalism
9 (RLIN) 43511
650 ## - SUBJECT ADDED ENTRY--TOPICAL TERM
Topical term or geographic name as entry element Hindi journalism - History
9 (RLIN) 93275
942 ## - ADDED ENTRY ELEMENTS (KOHA)
Source of classification or shelving scheme Dewey Decimal Classification
Koha item type Hindi Books
Classification part 080
Call number suffix चड्ढा
Holdings
Withdrawn status Lost status Source of classification or shelving scheme Damaged status Not for loan Home library Current library Date acquired Source of acquisition Cost, normal purchase price Total Checkouts Full call number Barcode Date last seen Date checked out Copy number Cost, replacement price Price effective from Koha item type
    Dewey Decimal Classification     Central Library Central Library 29/09/2015 Cen Lib/Ref 700.00 1 080 चड्ढा B-151888 04/08/2018 26/07/2018 1 700.00 29/09/2015 Hindi Books

© Delhi Public Library
Hit Counter
free hit counter